000 00328nam a22001337a 4500
008 180308b xxu||||| |||| 00| 0 eng d
020 _a9780844241029
041 _aeng
080 _a574
100 _a9
101 _aMJE
245 _aCareers for environmental types& others who respect the earth
_cKinney,J
942 _2udc
_cBK
999 _c44397
_d44397